Datum a čas kvízu
32
Celkem bodů
Celkový počet nahraných bodů na tomto kvízu bez doplňovacích otázek.
8.
Pořadí na kvízu
Konečné umístění týmu na tomto kvízu.
Zaznamenané odpovědi
| # | Otázka | Odpověď | Body | Výsledky |
|---|---|---|---|---|
| 1. | Jak se jmenuje pirátský poslan... | Jakub Michálek | 1 | |
| 2. | Co by chtěl podle svých slov z... | národní menu | 0 | |
| 3. | Jak se jmenuje tento americký... | Patrick Dempsey | 0 | |
| 4. | Ostravský rodák Karel Orlita,... | exorcistů (vymítačů ďábla). | 0 | |
| 5. | V sobotu se v newyorské Madiso... | Alex Pereira, Jiří Procházka | 1 | |
| 6. | Fiktivní věda může být ta, kte... | warp | 1 | |
| 7. | Od konce 19. století už je pře... | éter | 1 | |
| 8. | Někdy se stává, že z těžko pře... | Jules Verne | 1 | |
| 9. | V seriálu Simpsonovi, konkrétn... | frenologie | 0 | |
| 10. | Nemůžeme opomenout Járu Cimrma... | dvoudílné plavky | 1 |